Statistics for Governors of California

Click here to take the quiz!

General Stats

  • This quiz has been taken 24 times
    (15 since last reset)
  • The average score is 8 of 39

Answer Stats

Term Governor % Correct
2003-2011Arnold Schwarzenegger
100%
1959-1967Pat Brown
93%
2011-2019Jerry Brown
93%
2019-Gavin Newsom
87%
1967-1975Ronald Reagan
87%
1991-1999Pete Wilson
67%
1943-1953Earl Warren
53%
1911-1917Hiram Johnson
47%
1999-2003Gray Davis
47%
1856-1858J. Neely Johnson
47%
1983-1991George Deukmejian
40%
1934-1939Frank Merriam
13%
1862-1863Leland Stanford
13%
1880-1883George Clement Perkins
7%
1875Romualdo Pacheco
7%
1923-1927Friend Richardson
7%
1917-1923William Stephens
7%
1939-1943Culbert Olson
7%
1953-1959Goodwin Knight
7%
1860-1862John G. Downey
7%
1867-1871Henry Huntly Haight
0%
1863-1867Frederick Low
0%
1852-1856John Bigler
0%
1860Milton Latham
0%
1858-1860John B. Weller
0%
1851-1852John McDougal
0%
1871-1875Newton Booth
0%
1899-1903Henry Gage
0%
1875-1880William Irwin
0%
1883-1887George Stoneman
0%
1887Washington Bartlett
0%
1871-1891Robert Waterman
0%
1891-1895Henry Markham
0%
1895-1899James Budd
0%
1903-1907George Pardee
0%
1907-1911James Gillett
0%
1927-1931C. C. Young
0%
1931-1934James Rolph
0%
1849-1851Peter Hardeman Burnett
0%

Score Distribution

Percentile by Number Answered

Percent of People with Each Score

Your Score History

You have not taken this quiz since the last reset